000 00321nam a2200133Ia 4500
005 20260326235458.0
008 260326s9999||||xx |||||||||||||| ||und||
100 _aCadogan, Gerald
245 0 _aPalaces of Minoan Crete /
_cGerald Cadogan
260 _bMethuen
300 _a164 p.
650 _aARQUITECTURA
942 _cBK
999 _c8003
_d8003